书目信息 |
| 题名: |
贪污贿赂犯罪定罪分析与司法认同
|
|
| 作者: | 《贪污贿赂犯罪定罪分析与司法认同》编写组 编写 | |
| 分册: | ||
| 出版信息: | 北京 中国方正出版社 2020.02 |
|
| 页数: | 256页 | |
| 开本: | 20cm | |
| 丛书名: | ||
| 单 册: | ||
| 中图分类: | D924.392.4 | |
| 科图分类: | ||
| 主题词: | 法律--中国 | |
| 电子资源: | ||
| ISBN: | 7-5174-0784-8 | |
| 000 | 00835nam0 2200205 450 | |
| 001 | 2561041929 | |
| 005 | 20251215170054.47 | |
| 010 | @a7-5174-0784-8@dCNY28.00 | |
| 100 | @a20251215d2020 km y0chiy0120 ea | |
| 101 | 0 | @achi |
| 102 | @aCN@b110000 | |
| 102 | @aCN | |
| 200 | 1 | @a贪污贿赂犯罪定罪分析与司法认同@ATan Wu Hui Lu Fan Zui Ding Zui Fen Xi Yu Si Fa Ren Tong@f《贪污贿赂犯罪定罪分析与司法认同》编写组编写@F《Tan Wu Hui Lu Fan Zui Ding Zui Fen Xi Yu Si Fa Ren Tong》Bian Xie Zu Bian Xie |
| 210 | @a北京@c中国方正出版社@d2020.02 | |
| 215 | @a256页@d20cm | |
| 606 | 0 | @a法律@x中国 |
| 690 | @aD924.392.4@v4 | |
| 701 | 0 | @a《贪污贿赂犯罪定罪分析与司法认同》编写组@A《Tan Wu Hui Lu Fan Zui Ding Zui Fen Xi Yu Si Fa Ren Tong》Bian Xie Zu@4编写 |
| 801 | 0 | @aCN@b大连网信软件有限公司图书馆·11@c20251215 |
| 905 | @aZUCC@dD924.392.4@e1048 | |
| 贪污贿赂犯罪定罪分析与司法认同/《贪污贿赂犯罪定罪分析与司法认同》编写组编写.-北京:中国方正出版社,2020.02 |
| 256页;20cm |
| ISBN 7-5174-0784-8:CNY28.00 |
| ● |
| 相关链接 |
|
|
|
|
正题名:贪污贿赂犯罪定罪分析与司法认同
索取号:D924.392.4/1048
 
预约/预借
| 序号 | 登录号 | 条形码 | 馆藏地/架位号 | 状态 | 备注 |
| 1 | 1442067 | 214420679 | 第一样本阅览室/ [索取号:D924.392.4/1048] | 在馆 | |
| 2 | 1442068 | 214420688 | 第一借阅区/ [索取号:D924.392.4/1048] | 在馆 |